000 00380nam a2200157Ia 4500
005 20250603144716.0
008 250603s9999 xx 000 0 und d
050 _aKP 14 .N5/
245 0 _aConstitution of the Federal Republic of Nigeria
260 _aLagos
260 _bFederal Government of Nigeria
260 _c1999
300 _a160 p
650 _aLagos
942 _cBK
999 _c39722
_d39722